| 000 | 01552agaaa2200337 4500 | ||
|---|---|---|---|
| 001 | 3565 | ||
| 003 | IT-RoPAU | ||
| 005 | 20220918181255.0 | ||
| 007 | d cvaizq | ||
| 008 | 50131s9999||||xx ||| | || ||und|| | ||
| 040 |
_aIT-RoPAU _cIT-RoPAU |
||
| 041 | _aITALIANO | ||
| 100 |
_aAllers Roger _gCodice regista SPICS: 44712 _950825 |
||
| 130 |
_aRE LEONE (IL) _950826 |
||
| 240 |
_aLION KING (THE) _gT2931 |
||
| 245 |
_aRE LEONE (IL) _cSceneggiatura: Mecchi Irene Roberts Jonathan Woolverton Linda -- Diretto da: Allers Roger _pRE LEONE (IL) (Rif. Codice opera principale : D3565) |
||
| 246 | _aLION KING (THE) | ||
| 250 | _aEdizione Standard | ||
| 260 |
_aMILANO (STATI UNITI) _bWALT DISNEY COMPANY / _g"1994 (1° ed.: 1994 ; Ed. Lingua Orig.: 1994)" |
||
| 300 |
_aVHS _bsonoro, col. _c85 minuti |
||
| 508 | _a"Musica: Zimmer Hans; Sceneggiatura: Mecchi Irene Roberts Jonathan Woolverton Linda; " | ||
| 511 | _aAnimazione | ||
| 520 | _aSIMBA LOTTA CON CORAGGIO CONTRO IL MALVAGIO ZIO SCAR PER RICONQUISTARE LA CORONA PERDUTA: AL FIANCO DEL LEONCINO CI SONO IL PADRE MUFASA E ALTRI INDIMENTICABILI AMICI COME LA LEONESSA NALA E L'INEFFABILE COPPIA PUMBAA-TIMON... | ||
| 538 | _aPAL, STEREO | ||
| 546 | _aITALIANO | ||
| 650 |
_aANIMAZIONE _eFILMS [VHS] _xCodice MATERIA SPICS: 9960 _950827 |
||
| 700 |
_aAllers Roger _e(regista) _gCodice regista SPICS: 44712 _950828 |
||
| 700 |
_aMinkoff Rob _e(regista) _gCodice secondo regista SPICS: 44713 _950829 |
||
| 700 |
_aZimmer Hans _e(musica) _gCodice Musica SPICS: 27223 _950830 |
||
| 942 |
_cVH _2ddc |
||
| 999 |
_c107183 _d107183 |
||